| 000 | 00748nmm a22002177a 4500 | ||
|---|---|---|---|
| 005 | 20170208145823.0 | ||
| 008 | 170208b ck ||||| |||| 00| 0 spa d | ||
| 020 | _a9589067697 | ||
| 040 |
_aCo-BoIAvH _cCo-BoIAvH |
||
| 041 | _aspa | ||
| 090 |
_aMM _b00379 |
||
| 110 | 1 |
_aColombia. _bIGAC. |
|
| 245 | 1 | 0 | _aEstudio General de Suelos y Zonificación de Tierras del Departamento del Amazonas. |
| 256 | _aArchivo ejecutable (4.481 KB) | ||
| 260 |
_aBogotá: _bInstituto Geogtáfico Agustín Codazzi, _c2003 |
||
| 300 | _a1 CD-Rom | ||
| 516 | _aArchivo ejecutable (4.481 KB) y archivos de texto en pdf | ||
| 650 | 0 |
_aEstudio de suelos _zAmazonas _zColombia |
|
| 650 | 0 |
_aZonificación _zAmazonas _zColombia |
|
| 942 |
_2z _cCD-ROM |
||
| 999 |
_c19312 _d19312 |
||